000 01087cam a2200337 4500
001 J99120
008 090401t1997 xxu||||| |||| 00| 0 eng d
035 _a(Sirsi) u93873
041 _aeng
050 _a346.41043
110 _aGeneral Council of the Bar
_9691
245 4 _aThe Blundell Memorial Lectures 1997 : current problems in property law.
260 _aLondon
_bRICS Conferences & Training
_c1997
300 _a8 papers in one volume ; 30cm.
350 _a0
490 _aBlundell Lectures
650 _aBLUNDELL MEMORIAL LECTURES
650 _aBUSINESS TENANCIES
650 _aEXPERT WITNESSES
650 _aGRAYSIM HOLDINGS V P & O PROPERTY HOLDINGS LTD
650 _aHOUSING ACT 1996
650 _aLANDLORD AND TENANT ACT 1954 PART II
650 _aLANDLORD AND TENANT ACT 1987
650 _aRIGHT OF FIRST REFUSAL
650 _aTENANTS OBLIGATIONS
690 _aPROPERTY LAW AND PRACTICE
710 _aLaw Society of England and Wales
_91639
710 _aRoyal Institution of Chartered Surveyors
_94900
942 _n0
_2ddc
948 _c10/06/1999
999 _c97866
_d97866